00861cam a22002411 4500001001300000003000400013005001700017008004100034010001700075035001900092040004300111042001200154050001700166100002000183245009400203260004600297300004100343500006800384600002700452610005300479650007200532999001500604af 48000710 DLC20260227110845.0771014s1941 gw bcf 001 0bger c aaf 48000710  a(OCoLC)3343286 aHarvard Univ. LibrarycNWMdOCoLCdDLC apremarc00aDD247.G7bS41 aSchmidt, Peter.10aZwanzig Jahre Soldat Adolf Hitlers,bzehn Jahre Gauleiter ; ein Buch von Kampf und Treue. aKöln,bWestdeutscher Beobachter,c1941. a285 p.bplates, ports., map.c25 cm. aIncludes addresses, essays and other material by Josef Grohé.10aGrohé, Josef,d1902-20aNationalsozialistische Deutsche Arbeiter-Partei. 0aNationalsozialistische Deutsche Arbeiter-Partei. Gau Köhn-Aachen. c4183d4183